Prva Hnl 23-24 - Statistics

General Stats
  • This quiz has been taken 41 times
  • The average score is 9 of 10
Answer Stats
Position Answer % Correct
1st Dinamo Zagreb
100%
3rd Hajduk Split
100%
2nd HNK Rijeka
100%
4th Osijek
100%
5th NK Lokomotiva
97%
8th Istra 1961
94%
9th Slaven Belupo
92%
6th Varazdin
92%
7th HNK Gorica
89%
10th Rudes
83%
No matching quizzes found
Score Distribution
Percent of People with Each Score
Percentile by Number Answered
Your Score History
You have not taken this quiz